PMAY-grameen: (Record no. 507393)

000 -LEADER
fixed length control field 00445nam a2200169 4500
008 - FIXED-LENGTH DATA ELEMENTS--GENERAL INFORMATION
fixed length control field 190212b ||||| |||| 00| 0 eng d
100 ## - MAIN ENTRY--PERSONAL NAME
Personal name Bhanumurthy, N.R.
245 ## - TITLE STATEMENT
Title PMAY-grameen:
Remainder of title impact on employment
260 ## - PUBLICATION, DISTRIBUTION, ETC. (IMPRINT)
Date of publication, distribution, etc 2018
300 ## - PHYSICAL DESCRIPTION
Extent p.30-34.
650 ## - SUBJECT ADDED ENTRY--TOPICAL TERM
Topical term or geographic name as entry element Pradhan Mantri Awaas Yojana
9 (RLIN) 1542
650 ## - SUBJECT ADDED ENTRY--TOPICAL TERM
Topical term or geographic name as entry element Employment
9 (RLIN) 1543
700 ## - ADDED ENTRY--PERSONAL NAME
Personal name Nath, H.K. Amar
9 (RLIN) 1544
773 ## - HOST ITEM ENTRY
Main entry heading Kurukshetra
906 ## - LOCAL DATA ELEMENT F, LDF (RLIN)
Subject DIP Housing
942 ## - ADDED ENTRY ELEMENTS (KOHA)
Source of classification or shelving scheme
Item type Articles
Holdings
Withdrawn status Lost status Source of classification or shelving scheme Damaged status Not for loan Permanent location Current location Date acquired Serial Enumeration / chronology Barcode Date last seen Koha item type
          Indian Institute of Public Administration Indian Institute of Public Administration 2019-02-12 66(10), Aug, 2018: p.30-34. AR118859 2019-02-12 Articles

Powered by Koha